| 000 | 00000nam 2200000zi 4500 |
| 001 | 9.925459 |
| 003 | CaOODSP |
| 005 | 20241119134709 |
| 006 | m o d f |
| 007 | cr |n||||||||| |
| 008 | 230213e19790621qucdb ob f|0| 0 fre d |
| 040 | |aCaOODSP|bfre|erda|cCaOODSP |
| 043 | |an-cn-qu |
| 086 | 1 |aEn37-626/1979F-PDF |
| 245 | 10|aAugmentation de l'emmagasinement dans l'Outaouais supérieur : |brapport d'étape / |cComité des ouvrages de contrôle des crues de la région de Montréal. |
| 264 | 1|a[Ste-Foy, Québec] : |b[Gouvernement du Québec, Ministère des richesses naturelles, Direction générale des eaux, Environnement Canada], |cle 21 juin 1979. |
| 300 | |a1 ressource en ligne (4 volumes) : |ecartes, graphiques |
| 336 | |atexte|btxt|2rdacontent/fre |
| 337 | |ainformatique|bc|2rdamedia/fre |
| 338 | |aressource en ligne|bcr|2rdacarrier/fre |
| 500 | |aÉdition numérisée de l’imprimé [par Environnement et changement climatique Canada]. |
| 504 | |aComprend des références bibliographiques. |
| 505 | 0 |a[V.1.] Rapport d'étape. -- [V.2.] Annexe A, Atlas. -- [V.3.] Annexe B, Méthodologie écologique. -- [V.4] Annexe C, Possibilités d'atténuation des impacts. |
| 650 | 0|aFlood control|zQuébec (Province) |
| 650 | 6|aInondations|xMaîtrise|zQuébec (Province) |
| 710 | 1 |aCanada. |bEnvironnement Canada, |eorganisme de publication. |
| 710 | 1 |aQuébec (Province). |bMinistère des richesses naturelles, |eorganisme de publication. |
| 856 | 40|qPDF|s7.64 Mo|uhttps://publications.gc.ca/collections/collection_2024/eccc/En37-626-1979-1-fra.pdf|z[Volume 1] |
| 856 | 40|qPDF|s10.60 Mo|uhttps://publications.gc.ca/collections/collection_2024/eccc/En37-626-1979-2-fra.pdf|z[Volume 2] |
| 856 | 40|qPDF|s2.54 Mo|uhttps://publications.gc.ca/collections/collection_2024/eccc/En37-626-1979-3-fra.pdf|z[Volume 3] |
| 856 | 40|qPDF|s426 Ko|uhttps://publications.gc.ca/collections/collection_2024/eccc/En37-626-1979-4-fra.pdf|z[Volume 4] |